000
00251nam a22001097a 4500
082
_a
370 ALL'U
100
_a
UMRANI, ABDUL AZIZ DR
_9
65935
245
_a
ALLAMA I.I KAZI ON EDUCATIONS
260
_a
KARACHI
_b
ROYAL
_c
1989
300
_a
119P
942
_c
BK
999
_c
574005
_d
574005